<?xml version="1.0" encoding="UTF-8"?>
<record
    xmlns:xsi="http://www.w3.org/2001/XMLSchema-instance"
    xsi:schemaLocation="http://www.loc.gov/MARC21/slim http://www.loc.gov/standards/marcxml/schema/MARC21slim.xsd"
    xmlns="http://www.loc.gov/MARC21/slim">

  <leader>00927cam a22002655a 4500</leader>
  <controlfield tag="001">016301868</controlfield>
  <controlfield tag="003">OSt</controlfield>
  <controlfield tag="005">20201128023631.0</controlfield>
  <controlfield tag="008">130423t2013    si a   frb    001 0 eng d</controlfield>
  <datafield tag="020" ind1=" " ind2=" ">
    <subfield code="a">9781118323632 (pbk.)</subfield>
  </datafield>
  <datafield tag="040" ind1=" " ind2=" ">
    <subfield code="a">StDuBDS</subfield>
    <subfield code="b">eng</subfield>
    <subfield code="c">StDuBDS</subfield>
    <subfield code="d">Uk</subfield>
    <subfield code="d">EG-ScBUE</subfield>
  </datafield>
  <datafield tag="082" ind1="0" ind2="4">
    <subfield code="a">658.5</subfield>
    <subfield code="2">22</subfield>
    <subfield code="b">REI</subfield>
  </datafield>
  <datafield tag="100" ind1="1" ind2=" ">
    <subfield code="a">Reid, R. Dan</subfield>
    <subfield code="q">(Robert Dan),</subfield>
    <subfield code="d">1949-</subfield>
    <subfield code="9">39334</subfield>
  </datafield>
  <datafield tag="245" ind1="1" ind2="0">
    <subfield code="a">Operations management :</subfield>
    <subfield code="b">an integrated approach /</subfield>
    <subfield code="c">R. Dan Reid, Nada R. Sanders.</subfield>
  </datafield>
  <datafield tag="250" ind1=" " ind2=" ">
    <subfield code="a">5th ed., International student version.</subfield>
  </datafield>
  <datafield tag="260" ind1=" " ind2=" ">
    <subfield code="a">Singapore :</subfield>
    <subfield code="b">John Wiley &amp; Sons,</subfield>
    <subfield code="c">c.2013.</subfield>
  </datafield>
  <datafield tag="300" ind1=" " ind2=" ">
    <subfield code="a">xxiv, 654 p. :</subfield>
    <subfield code="b">ill. (black and white) ;</subfield>
    <subfield code="c">26 cm.</subfield>
  </datafield>
  <datafield tag="500" ind1=" " ind2=" ">
    <subfield code="a">Previous edition: Hoboken, N.J. : Wiley, 2007.</subfield>
  </datafield>
  <datafield tag="504" ind1=" " ind2=" ">
    <subfield code="a">Includes bibliographical references and indexes.</subfield>
  </datafield>
  <datafield tag="650" ind1=" " ind2="7">
    <subfield code="a">Production management.</subfield>
    <subfield code="2">BUEsh</subfield>
    <subfield code="9">1855</subfield>
  </datafield>
  <datafield tag="651" ind1=" " ind2=" ">
    <subfield code="2">BUEsh</subfield>
  </datafield>
  <datafield tag="653" ind1=" " ind2=" ">
    <subfield code="b">BUSADM</subfield>
    <subfield code="c">February2016</subfield>
  </datafield>
  <datafield tag="700" ind1="1" ind2=" ">
    <subfield code="a">Sanders, Nada R.</subfield>
    <subfield code="9">38864</subfield>
  </datafield>
  <datafield tag="942" ind1=" " ind2=" ">
    <subfield code="2">ddc</subfield>
  </datafield>
  <datafield tag="999" ind1=" " ind2=" ">
    <subfield code="c">21139</subfield>
    <subfield code="d">21111</subfield>
  </datafield>
  <datafield tag="952" ind1=" " ind2=" ">
    <subfield code="0">0</subfield>
    <subfield code="1">0</subfield>
    <subfield code="2">ddc</subfield>
    <subfield code="4">0</subfield>
    <subfield code="7">0</subfield>
    <subfield code="8">Academic</subfield>
    <subfield code="a">MAIN</subfield>
    <subfield code="b">MAIN</subfield>
    <subfield code="c">1ST</subfield>
    <subfield code="d">2016-02-14</subfield>
    <subfield code="e">Purchase</subfield>
    <subfield code="g">361.00</subfield>
    <subfield code="h">4869</subfield>
    <subfield code="l">1</subfield>
    <subfield code="o">658.5 REI</subfield>
    <subfield code="p">000031536</subfield>
    <subfield code="r">2025-07-15 00:00:00</subfield>
    <subfield code="s">2016-09-28</subfield>
    <subfield code="v">451.25</subfield>
    <subfield code="y">BB</subfield>
  </datafield>
</record>
